P.J. Ozanne; M.J. Wilson; Rothschild Trust Co (CI) Ltd v Hertfordshire CC (Record no. 101675)
[ view plain ]
| 000 -LEADER | |
|---|---|
| fixed length control field | 00809cam a2200241 4500 |
| 001 - CONTROL NUMBER | |
| control field | M2006 |
| 008 - FIXED-LENGTH DATA ELEMENTS--GENERAL INFORMATION | |
| fixed length control field | #DATE n1983 000 0 eng u |
| 035 ## - SYSTEM CONTROL NUMBER | |
| System control number | (Sirsi) u114807 |
| 041 ## - LANGUAGE CODE | |
| Language code of text/sound track or separate title | eng |
| 110 ## - MAIN ENTRY--CORPORATE NAME | |
| Corporate name or jurisdiction name as entry element | England and Wales |
| Subordinate unit | Lands Tribunal |
| 9 (RLIN) | 1252 |
| 245 ## - TITLE STATEMENT | |
| Title | P.J. Ozanne; M.J. Wilson; Rothschild Trust Co (CI) Ltd v Hertfordshire CC |
| 260 ## - PUBLICATION, DISTRIBUTION, ETC. | |
| Date of publication, distribution, etc. | REF/72/1983 |
| 350 ## - PRICE (NR) (BK AM CF MU VM SE) [OBSOLETE] | |
| Price | 0 |
| 490 ## - SERIES STATEMENT | |
| Series statement | Lands Tribunal |
| Volume/sequential designation | REF/72/1983 |
| 520 ## - SUMMARY, ETC. | |
| Summary, etc. | LT 2 March 1988. Compensation payable on compulsory acquisition of a strip of land. |
| 650 ## - SUBJECT ADDED ENTRY--TOPICAL TERM | |
| Topical term or geographic name entry element | HERTFORDSHIRE CC V ROTHSCHILD TRUST CO (CI) LTD AND OTHERS |
| 650 ## - SUBJECT ADDED ENTRY--TOPICAL TERM | |
| Topical term or geographic name entry element | OZANNE V HERTFORDSHIRE CC |
| 650 ## - SUBJECT ADDED ENTRY--TOPICAL TERM | |
| Topical term or geographic name entry element | PLANNING PERMISSION |
| 650 ## - SUBJECT ADDED ENTRY--TOPICAL TERM | |
| Topical term or geographic name entry element | RANSOM STRIPS |
| 650 ## - SUBJECT ADDED ENTRY--TOPICAL TERM | |
| Topical term or geographic name entry element | RANSOM VALUE |
| 690 ## - LOCAL SUBJECT ADDED ENTRY--TOPICAL TERM (OCLC, RLIN) | |
| Topical term or geographic name as entry element | COMPULSORY PURCHASE AND COMPENSATION-CASE LAW |
| 942 ## - ADDED ENTRY ELEMENTS (KOHA) | |
| Suppress in OPAC | 0 |
| Withdrawn status | Lost status | Source of classification or shelving scheme | Damaged status | Not for loan | Home library | Current library | Shelving location | Date acquired | Total Checkouts | Full call number | Barcode | Date last seen | Copy number | Price effective from | Koha item type |
|---|---|---|---|---|---|---|---|---|---|---|---|---|---|---|---|
| Dewey Decimal Classification | London | London | Basement | 24/09/2001 | RESERVE SHELF | 30061938 | 06/08/2019 | 1 | 06/08/2019 | Reference material |